| 000 | 01345cam a2200361 4500 | ||
|---|---|---|---|
| 001 | 20658 | ||
| 005 | 20230410120753.0 | ||
| 008 | 060907s2004 nyu eng | ||
| 020 | _a0393060411 (hbk.) | ||
| 035 | _9funglode20810 | ||
| 041 | _aeng | ||
| 050 | 1 | 4 |
_aHV 6432.7 _bN277ni 2004 |
| 082 | 0 | 0 | _a973.931 |
| 110 | 2 | _aNational Commission on Terrorist Attacks upon the United States. | |
| 245 | 1 | 4 |
_aThe 9/11 commission report : _bfinal report of the National Commission on Terrorist Attacks upon the United States. |
| 260 |
_aNew York : _bW.W. Northon & Company, _c2004 |
||
| 300 |
_axviii, 604 p. : _bill., maps ; _c25 cm. |
||
| 650 | 0 | _aSeptember 11 Terrorist Attacks, 2001. | |
| 650 | 0 |
_aTerrorism _xGovernment policy _zUnited States. |
|
| 650 | 0 |
_aTerrorism _zUnited States _xPrevention. |
|
| 650 | 0 |
_aIntelligence service _zUnited States _xEvaluation. |
|
| 650 | 0 | _aWar on Terrorism, 2001-2009. | |
| 650 | 0 |
_aNational security _zUnited States. |
|
| 650 | 0 | _aQaida (Organization) | |
| 650 | 4 | _aSeptiembre 11 Ataque terrorista, 2001 | |
| 650 | 4 |
_aTerrorismo _zEstados Unidos |
|
| 650 | 4 |
_aTerrorismo _xPrevención. |
|
| 650 | 4 | _aGuerra contra el terrorismo, 2001-2009 | |
| 650 | 4 |
_aServicio de inteligencia _zEstados Unidos. |
|
| 650 | 4 |
_aSeguridad nacional _zEstados Unidos. |
|
| 610 | 2 | 4 | _aAl Qaeda. |
| 942 |
_2lcc _cbk |
||
| 999 |
_c51519 _d51519 |
||